<?xml version="1.0" encoding="UTF-8"?>
<collection xmlns="http://www.loc.gov/MARC21/slim">
 <record>
  <leader>00716cam a2200241 7i4500</leader>
  <controlfield tag="001">0000007428</controlfield>
  <controlfield tag="005">20150327090000.0</controlfield>
  <controlfield tag="003">  iicp-my</controlfield>
  <controlfield tag="005">  20021204214900.0</controlfield>
  <controlfield tag="008">000000                       00         </controlfield>
  <datafield tag="020" ind1=" " ind2=" ">
   <subfield code="a">0739258601 </subfield>
  </datafield>
  <datafield tag="039" ind1=" " ind2="9">
   <subfield code="y">200212042149</subfield>
   <subfield code="z">VLOAD</subfield>
  </datafield>
  <datafield tag="090" ind1="0" ind2="0">
   <subfield code="a">530.0712 </subfield>
   <subfield code="b">MAR</subfield>
  </datafield>
  <datafield tag="100" ind1="0" ind2=" ">
   <subfield code="a">Butler, Mark S. </subfield>
  </datafield>
  <datafield tag="245" ind1="0" ind2="0">
   <subfield code="a">Physics 1 : </subfield>
   <subfield code="b">Preliminary Course  </subfield>
   <subfield code="c">Mark Butler, David Hopkins, John Willis..</subfield>
  </datafield>
  <datafield tag="260" ind1=" " ind2=" ">
   <subfield code="a">Australia: </subfield>
   <subfield code="b">Macmillan, </subfield>
   <subfield code="c">c2000..</subfield>
  </datafield>
  <datafield tag="300" ind1=" " ind2=" ">
   <subfield code="a">xii, 340p.: </subfield>
   <subfield code="b">ill.; </subfield>
   <subfield code="c">25 cm..</subfield>
  </datafield>
  <datafield tag="500" ind1=" " ind2=" ">
   <subfield code="a">Includes index.</subfield>
  </datafield>
  <datafield tag="650" ind1=" " ind2="0">
   <subfield code="a">Physics. </subfield>
  </datafield>
  <datafield tag="700" ind1="0" ind2=" ">
   <subfield code="a">Hopkins, David T. </subfield>
  </datafield>
  <datafield tag="700" ind1="0" ind2=" ">
   <subfield code="a">Willis, John G. </subfield>
  </datafield>
  <datafield tag="900" ind1=" " ind2=" ">
   <subfield code="a">University of Sydney Co-op</subfield>
  </datafield>
  <datafield tag="999" ind1=" " ind2=" ">
   <subfield code="a">1000012802</subfield>
   <subfield code="b">Book</subfield>
   <subfield code="c">White Spot</subfield>
  </datafield>
 </record>
</collection>
